[Event "Kuwait Rapid op 3rd"]
[Site "Kuwait City"]
[Date "2025.05.03"]
[Round "6"]
[White "Adly, Ahmed"]
[Black "Wafa, Hamed"]
[Result "1/2-1/2"]
[WhiteElo "2597"]
[BlackElo "2367"]
[PlyCount "108"]
[EventDate "2025.05.02"]
[EventType "swiss (rapid)"]
[EventRounds "9"]
[EventCountry "KUW"]
[SourceTitle "CB19_2025"]
[SourceDate "2025.05.07"]
[SourceVersion "1"]
[SourceVersionDate "2025.05.07"]
[SourceQuality "1"]

1. d4 Nf6 2. Nf3 e6 3. g3 d5 4. Bg2 c5 5. c4 dxc4 6. 0-0 Nc6 7. Ne5 Bd7 8. Na3 cxd4 9. Naxc4 Be7 10. Qb3 Qc7 11. Nxc6 Bxc6 12. Bf4 Qd8 13. Bxc6+ bxc6 14. Qa4 0-0 15. Qxc6 Rc8 16. Qa4 Bc5 17. Rfd1 Qd5 18. e3 Nh5 19. Bd6 Rfd8 20. Bxc5 Qxc5 21. Na5 dxe3 22. Rxd8+ Rxd8 23. Nb7 exf2+ 24. Kf1 Qd4 25. Qxd4 Rxd4 26. Rc1 g5 27. Rc2 Nf6 28. Kxf2 Ng4+ 29. Kf3 f5 30. Nc5 Kf7 31. a4 Ne5+ 32. Ke2 f4 33. gxf4 gxf4 34. a5 Rb4 35. a6 Kf6 36. Rd2 Kf5 37. Kf1 Rb5 38. Nb7 Rb6 39. Nc5 Nf3 40. Rd7 Rxb2 41. Rxa7 Nxh2+ 42. Ke1 f3 43. Rf7+ Kg4 44. a7 Ra2 45. Ne4 Ra1+ 46. Kf2 Ra2+ 47. Ke1 e5 48. Nc3 Ra1+ 49. Kf2 Ra3 50. Rxh7 e4 51. Nxe4 Ra2+ 52. Kg1 Kf4 53. Rxh2 Ra1+ 54. Kf2 Kxe4 1/2-1/2

[Event "Kuwait Rapid op 3rd"]
[Site "Kuwait City"]
[Date "2025.05.02"]
[Round "5"]
[White "El Adnani, Mokliss"]
[Black "Adly, Ahmed"]
[Result "0-1"]
[WhiteElo "2401"]
[BlackElo "2597"]
[PlyCount "92"]
[EventDate "2025.05.02"]
[EventType "swiss (rapid)"]
[EventRounds "9"]
[EventCountry "KUW"]
[SourceTitle "CB19_2025"]
[SourceDate "2025.05.07"]
[SourceVersion "1"]
[SourceVersionDate "2025.05.07"]
[SourceQuality "1"]

1. d4 Nf6 2. Nf3 e6 3. e3 b6 4. Bd3 Bb7 5. Nbd2 c5 6. c3 Nc6 7. 0-0 Qc7 8. a3 d5 9. Qe2 Rd8 10. b4 Bd6 11. e4 cxd4 12. cxd4 dxe4 13. Nxe4 Nxd4 14. Nxd6+ Qxd6 15. Nxd4 Qxd4 16. Bb5+ Ke7 17. Be3 Qh4 18. Rac1 Nd5 19. Rc4 Qf6 20. Rfc1 Rc8 21. h4 h6 22. Bd4 Qg6 23. Rxc8 Rxc8 24. Rxc8 Bxc8 25. Qe5 Qg4 26. Qxg7 Qxh4 27. Qh8 Bd7 28. Bf1 Nf6 29. Be5 Ne4 30. g3 Qh5 31. Bg7 Bc6 32. Bf8+ Kd7 33. Qxh6 Qd5 34. Qf4 Ng5 35. f3 Nxf3+ 36. Kf2 Ng5 37. Bh6 Ne4+ 38. Kg1 Qd4+ 39. Kh2 Qb2+ 40. Bg2 Nd6 41. Qd2 Qxd2 42. Bxd2 Bxg2 43. Kxg2 Nc4 44. Bc1 b5 45. Kf3 f5 46. g4 Ne5+ 0-1

[Event "World-chT Rapid"]
[Site "Duesseldorf"]
[Date "2023.08.28"]
[Round "11"]
[White "Fromm, Marius"]
[Black "Adly, Ahmed"]
[Result "0-1"]
[WhiteElo "2458"]
[BlackElo "2596"]
[PlyCount "92"]
[EventDate "2023.08.26"]
[EventType "team-swiss (rapid)"]
[EventRounds "12"]
[EventCountry "GER"]
[SourceTitle "CBM 215 Extra"]
[Source "ChessBase"]
[SourceDate "2023.09.30"]
[SourceVersion "1"]
[SourceVersionDate "2023.09.30"]
[SourceQuality "1"]
[WhiteTeam "Kiel Doppelbauer"]
[BlackTeam "Africa"]
[WhiteTeamCountry "GER"]

1. e4 c5 2. Nf3 Nf6 3. e5 Nd5 4. Nc3 Nxc3 5. dxc3 Nc6 6. Bf4 Qc7 7. Qd2 e6 8. h4 h6 9. Bd3 b6 10. 0-0-0 Rb8 11. Kb1 b5 12. Be4 Na5 13. b3 Rb6 14. g4 Ra6 15. Qe3 Nc6 16. g5 Qa5 17. Kc1 c4 18. Bxc6 Rxc6 19. b4 Qa3+ 20. Kd2 Bb7 21. gxh6 gxh6 22. Nd4 Rb6 23. Rhg1 Bd5 24. Ke2 Kd8 25. Rg3 Kc7 26. h5 a5 27. bxa5 Qxa5 28. Rb1 Kb7 29. Rgg1 Bc5 30. Rb2 Ba3 31. Rbb1 Qa4 32. Qd2 b4 33. cxb4 c3 34. Qd3 Rc8 35. Ke3 Bb2 36. Bxh6 Rxb4 37. Bg7 Rcc4 38. Rg4 f5 39. exf6 e5 40. Nb3 Re4+ 41. Rxe4 Rxe4+ 42. Kf3 Rf4+ 43. Ke2 Kc6 44. Ke1 Re4+ 45. Kd1 Rh4 46. Rxb2 Qg4+ 0-1

[Event "World-chT Rapid"]
[Site "Duesseldorf"]
[Date "2023.08.26"]
[Round "3.14"]
[White "Adly, Ahmed"]
[Black "Nguku Namale, Ben"]
[Result "1-0"]
[WhiteElo "2596"]
[BlackElo "1967"]
[PlyCount "79"]
[EventDate "2023.08.26"]
[EventType "team-swiss (rapid)"]
[EventRounds "12"]
[EventCountry "GER"]
[SourceTitle "CBM 215 Extra"]
[Source "ChessBase"]
[SourceDate "2023.09.30"]
[SourceVersion "1"]
[SourceVersionDate "2023.09.30"]
[SourceQuality "1"]
[WhiteTeam "Africa"]
[BlackTeam "Kenya Commercial Bank"]
[BlackTeamCountry "KEN"]

1. d4 d5 2. Nc3 Nf6 3. Bf4 a6 4. f3 c5 5. e3 Nc6 6. dxc5 e6 7. Na4 e5 8. Bg5 Be6 9. c3 Be7 10. Nb6 Rb8 11. b4 0-0 12. Ne2 Qc7 13. Bxf6 Bxf6 14. Nxd5 Bxd5 15. Qxd5 Rbd8 16. Qe4 Qd7 17. Kf2 g6 18. g3 Bg7 19. h4 Qe6 20. Bh3 f5 21. Qc2 Kh8 22. Rad1 Qc4 23. Qb3 Qxb3 24. axb3 Na7 25. h5 Kg8 26. hxg6 hxg6 27. g4 f4 28. g5 fxe3+ 29. Kxe3 Kf7 30. Ng3 Nb5 31. Ne4 Ke7 32. Bg4 Rxd1 33. Rxd1 Rd8 34. Rxd8 Kxd8 35. Be6 Nc7 36. Bf7 Ke7 37. Bxg6 Nd5+ 38. Kd2 Nf4 39. Bf5 Kd8 40. Nd6 1-0

[Event "World-chT Rapid"]
[Site "Duesseldorf"]
[Date "2023.08.26"]
[Round "2.11"]
[White "Adly, Ahmed"]
[Black "Seel, Christian"]
[Result "1-0"]
[WhiteElo "2596"]
[BlackElo "2477"]
[PlyCount "77"]
[EventDate "2023.08.26"]
[EventType "team-swiss (rapid)"]
[EventRounds "12"]
[EventCountry "GER"]
[SourceTitle "CBM 215 Extra"]
[Source "ChessBase"]
[SourceDate "2023.09.30"]
[SourceVersion "1"]
[SourceVersionDate "2023.09.30"]
[SourceQuality "1"]
[WhiteTeam "Africa"]
[BlackTeam "Aachen"]
[BlackTeamCountry "GER"]

1. d4 d5 2. Nf3 Nf6 3. g3 g6 4. Bg2 Bg7 5. c4 dxc4 6. Na3 0-0 7. 0-0 Nc6 8. Nxc4 Be6 9. Ne3 Nd5 10. Ng5 Nxe3 11. fxe3 Bc8 12. Ne4 e5 13. d5 Ne7 14. Nc3 Nf5 15. e4 Nd6 16. b3 h5 17. a4 h4 18. Qd3 a6 19. Bd2 Bd7 20. Rac1 Qe7 21. Nd1 h3 22. Bf3 f5 23. Nf2 Rac8 24. Bb4 Bh6 25. Rc3 Kg7 26. Qc2 fxe4 27. Nxe4 Bf5 28. Rc4 Be3+ 29. Kh1 b5 30. Rc6 Qd7 31. Qd3 Bd4 32. Rfc1 bxa4 33. bxa4 Qf7 34. Bxd6 cxd6 35. Rxc8 Rxc8 36. Rxc8 Bxc8 37. Nxd6 Qd7 38. Qa3 Qc7 39. Ne8+ 1-0

[Event "World-chT Rapid"]
[Site "Duesseldorf"]
[Date "2023.08.26"]
[Round "1.17"]
[White "Dyachuk, Artem"]
[Black "Adly, Ahmed"]
[Result "0-1"]
[WhiteElo "2242"]
[BlackElo "2596"]
[PlyCount "86"]
[EventDate "2023.08.26"]
[EventType "team-swiss (rapid)"]
[EventRounds "12"]
[EventCountry "GER"]
[SourceTitle "CBM 215 Extra"]
[Source "ChessBase"]
[SourceDate "2023.09.30"]
[SourceVersion "1"]
[SourceVersionDate "2023.09.30"]
[SourceQuality "1"]
[WhiteTeam "Chess Wizzards"]
[BlackTeam "Africa"]
[WhiteTeamCountry "UKR"]

1. e4 c5 2. Nf3 Nf6 3. e5 Nd5 4. Nc3 Nxc3 5. dxc3 Nc6 6. Bf4 Qc7 7. Bc4 e6 8. Qe2 h6 9. 0-0-0 Rb8 10. Bd3 b5 11. Be4 Na5 12. Nd2 c4 13. a3 Nb7 14. Bxb7 Bxb7 15. Ne4 Qc6 16. Rd4 a5 17. Rhd1 b4 18. axb4 axb4 19. Qxc4 Qxc4 20. Rxc4 bxc3 21. Nxc3 Bxg2 22. Be3 Bc6 23. Bc5 Bxc5 24. Rxc5 Rb4 25. Ne2 Ke7 26. Nd4 Ra8 27. Nxc6+ dxc6 28. Rd6 Ra1+ 29. Kd2 Rxb2 30. Rdxc6 g5 31. Rc7+ Kf8 32. Rd7 Rb4 33. Rd3 Rf4 34. Ke2 Rh1 35. Rh3 Kg7 36. Rcc3 g4 37. Rhg3 Rxh2 38. Rcf3 Ra4 39. Rf6 Re4+ 40. Re3 Rxe5 41. Rxf7+ Kxf7 42. Rxe5 g3 43. Kf3 g2 0-1

[Event "World-chT Rapid"]
[Site "Duesseldorf"]
[Date "2023.08.26"]
[Round "4.12"]
[White "Niering, Martin"]
[Black "Adly, Ahmed"]
[Result "0-1"]
[WhiteElo "2156"]
[BlackElo "2596"]
[PlyCount "64"]
[EventDate "2023.08.26"]
[EventType "team-swiss (rapid)"]
[EventRounds "12"]
[EventCountry "GER"]
[SourceTitle "CBM 215 Extra"]
[Source "ChessBase"]
[SourceDate "2023.09.30"]
[SourceVersion "1"]
[SourceVersionDate "2023.09.30"]
[SourceQuality "1"]
[WhiteTeam "Magdeburg and Friends"]
[BlackTeam "Africa"]
[WhiteTeamCountry "GER"]

1. e4 c5 2. c3 Nf6 3. e5 Nd5 4. d4 cxd4 5. cxd4 d6 6. Nf3 Nc6 7. Nc3 dxe5 8. dxe5 Nxc3 9. Qxd8+ Nxd8 10. bxc3 e6 11. Nd4 a6 12. Bd3 Bd7 13. Be3 Rc8 14. Kd2 Nc6 15. f4 Na5 16. Rac1 Nc4+ 17. Ke2 Ba3 18. Rc2 Ba4 19. Nb3 Nxe3 20. Kxe3 Ke7 21. c4 Rc7 22. h4 h6 23. h5 Rhc8 24. Rh4 b5 25. f5 exf5 26. Bxf5 Rxc4 27. Rcxc4 Rxc4 28. Rxc4 bxc4 29. Nd4 Bc5 30. Ke4 c3 31. Ne2 c2 32. Kd3 Bb5+ 0-1

[Event "Africa-ch"]
[Site "Giza"]
[Date "2023.05.11"]
[Round "7"]
[White "Bellahcene, Bilel"]
[Black "Adly, Ahmed"]
[Result "1-0"]
[WhiteElo "2476"]
[BlackElo "2596"]
[PlyCount "89"]
[EventDate "2023.05.06"]
[EventType "swiss"]
[EventRounds "9"]
[EventCountry "EGY"]
[SourceTitle "CBM 214 Extra"]
[Source "ChessBase"]
[SourceDate "2023.07.31"]
[SourceVersion "1"]
[SourceVersionDate "2023.07.31"]
[SourceQuality "1"]

1. e4 c5 2. Nf3 d6 3. Bb5+ Bd7 4. Bxd7+ Qxd7 5. 0-0 Nc6 6. c3 Nf6 7. Re1 e6 8. d4 cxd4 9. cxd4 d5 10. e5 Ne4 11. a3 Be7 12. Qd3 0-0 13. Nbd2 Nxd2 14. Bxd2 Rfc8 15. h4 Qd8 16. Ng5 g6 17. g3 Qb6 18. Bc3 Qb3 19. Rad1 b5 20. Qf3 Rf8 21. Rd3 a5 22. Qe3 Qa2 23. h5 b4 24. Bd2 h6 25. Nxe6 g5 26. Nxf8 Rxf8 27. axb4 axb4 28. b3 Nd8 29. f4 gxf4 30. gxf4 Kh7 31. Kh1 Rg8 32. f5 Rg5 33. Qf3 Rg8 34. Qxd5 Bh4 35. Rf1 Qc2 36. Qc4 Qa2 37. d5 Bg5 38. Rd1 Nb7 39. f6 Kh8 40. Rg3 Qb2 41. Bxg5 Qxe5 42. Qf4 Qe2 43. Rdg1 hxg5 44. Rxg5 Rxg5 45. Qxg5 1-0

[Event "Africa-ch"]
[Site "Giza"]
[Date "2023.05.07"]
[Round "3"]
[White "Fadi, Marko"]
[Black "Adly, Ahmed"]
[Result "0-1"]
[WhiteElo "2272"]
[BlackElo "2596"]
[PlyCount "68"]
[EventDate "2023.05.06"]
[EventType "swiss"]
[EventRounds "9"]
[EventCountry "EGY"]
[SourceTitle "CBM 214 Extra"]
[Source "ChessBase"]
[SourceDate "2023.07.31"]
[SourceVersion "1"]
[SourceVersionDate "2023.07.31"]
[SourceQuality "1"]

1. e4 c5 2. Nc3 Nc6 3. g3 h5 4. h3 Nf6 5. Bg2 d6 6. Nge2 Bd7 7. d3 Qc8 8. Be3 g6 9. Qd2 Bg7 10. f4 Rb8 11. Nd1 b5 12. Nf2 Nh7 13. c3 b4 14. 0-0 bxc3 15. bxc3 0-0 16. e5 Rd8 17. Rfd1 Qc7 18. Ne4 Bf5 19. c4 Re8 20. Rab1 Rxb1 21. Rxb1 dxe5 22. Bxc5 exf4 23. gxf4 Nf8 24. Be3 Ne6 25. Rb5 Ned4 26. Nxd4 Bxd4 27. Kh1 Qc8 28. Kh2 Qe6 29. Rd5 Qc8 30. Qf2 Bxe3 31. Qxe3 Nb4 32. Rb5 Rd8 33. Qxa7 Nxd3 34. Ng3 Be6 0-1

[Event "Africa-ch"]
[Site "Giza"]
[Date "2023.05.06"]
[Round "1"]
[White "Amin, Ashraf"]
[Black "Adly, Ahmed"]
[Result "0-1"]
[WhiteElo "2165"]
[BlackElo "2596"]
[PlyCount "50"]
[EventDate "2023.05.06"]
[EventType "swiss"]
[EventRounds "9"]
[EventCountry "EGY"]
[SourceTitle "CBM 214 Extra"]
[Source "ChessBase"]
[SourceDate "2023.07.31"]
[SourceVersion "1"]
[SourceVersionDate "2023.07.31"]
[SourceQuality "1"]

1. Nf3 d5 2. d4 c5 3. e3 Nc6 4. c3 Nf6 5. dxc5 Bg4 6. b4 g6 7. Bb2 Bg7 8. Nbd2 0-0 9. Be2 Qc7 10. h3 Bd7 11. a3 Ne4 12. Qc2 Bf5 13. Bd3 Nxd2 14. Qxd2 Be4 15. Be2 b6 16. cxb6 axb6 17. c4 Bxf3 18. gxf3 d4 19. e4 Ne5 20. Rc1 Rfd8 21. h4 d3 22. Bd1 Bh6 23. Qxh6 d2+ 24. Qxd2 Rxd2 25. Kxd2 Qd6+ 0-1

[Event "Sharjah Blitz"]
[Site "Sharjah"]
[Date "2023.03.28"]
[Round "2"]
[White "Ahlam, Rashed"]
[Black "Adly, Ahmed"]
[Result "0-1"]
[WhiteElo "1637"]
[BlackElo "2596"]
[PlyCount "64"]
[EventDate "2023.03.28"]
[EventType "swiss (blitz)"]
[EventRounds "9"]
[EventCountry "UAE"]
[SourceTitle "CBM 213 Extra"]
[Source "ChessBase"]
[SourceDate "2023.05.31"]
[SourceVersion "1"]
[SourceVersionDate "2023.05.31"]
[SourceQuality "1"]

1. e4 c5 2. Nf3 Nf6 3. e5 Nd5 4. d4 cxd4 5. Qxd4 e6 6. c4 Nc6 7. Qd1 Nde7 8. Bf4 Ng6 9. Qd2 Bb4 10. Nc3 Qa5 11. Bg3 h5 12. h3 h4 13. Bh2 Ncxe5 14. Be2 b6 15. 0-0 Bb7 16. Nxe5 Nxe5 17. Qd4 Bxc3 18. bxc3 f6 19. Rfd1 Bc6 20. f4 Nf7 21. Bf3 0-0 22. Bxc6 dxc6 23. f5 exf5 24. Qxh4 Qxc3 25. Rac1 Qe3+ 26. Kh1 Rad8 27. Re1 Qd4 28. Qg3 Rfe8 29. Rf1 Re3 30. Qc7 Qe4 31. Qxa7 Rd2 32. Rg1 Rxh3 0-1

[Event "Sharjah Rapid"]
[Site "Sharjah"]
[Date "2023.03.27"]
[Round "7"]
[White "Zubarev, Alexander2"]
[Black "Adly, Ahmed"]
[Result "1/2-1/2"]
[WhiteElo "2372"]
[BlackElo "2596"]
[PlyCount "177"]
[EventDate "2023.03.26"]
[EventType "swiss (rapid)"]
[EventRounds "9"]
[EventCountry "UAE"]
[SourceTitle "CBM 213 Extra"]
[Source "ChessBase"]
[SourceDate "2023.05.31"]
[SourceVersion "1"]
[SourceVersionDate "2023.05.31"]
[SourceQuality "1"]

1. e4 c5 2. c4 Nc6 3. Ne2 e5 4. Nbc3 d6 5. d3 f5 6. g3 Nf6 7. Bg2 Be7 8. 0-0 0-0 9. f4 Nd4 10. fxe5 dxe5 11. Nd5 fxe4 12. Nxd4 Nxd5 13. Rxf8+ Qxf8 14. cxd5 cxd4 15. Bxe4 Bf5 16. Bd2 Qf7 17. Qf3 Rf8 18. Rf1 g6 19. Bxf5 Qxf5 20. Qe2 Qc8 21. Rxf8+ Bxf8 22. Qxe5 Kf7 23. Bg5 Qd7 24. Qf6+ Ke8 25. Qe6+ Qxe6 26. dxe6 Be7 27. Bf4 Bc5 28. Kg2 Ke7 29. Kf3 Kxe6 30. Ke4 h5 31. h3 Be7 32. Be5 a6 33. Bxd4 Bd6 34. g4 hxg4 35. hxg4 Bc7 36. Be3 Be5 37. d4 Bf6 38. Bf4 Be7 39. d5+ Kd7 40. b3 Bf6 41. Be5 Bh4 42. a4 Be1 43. Kd4 Bf2+ 44. Kd3 Be1 45. Ke3 Ke7 46. Ke2 Bh4 47. Kf3 Be1 48. Ke4 Kd7 49. Kd4 Bf2+ 50. Kc4 Ba7 51. b4 Bf2 52. b5 axb5+ 53. Kxb5 Be3 54. Kc4 Bf2 55. Bd4 Bg3 56. Bc5 Be5 57. Kb5 Bc7 58. Bb6 Bh2 59. Kc4 Bg3 60. Be3 Kd6 61. Ba7 Be1 62. Bb8+ Kd7 63. Be5 Bf2 64. Kd3 Ke7 65. Ke4 Be1 66. Bb2 Bg3 67. Kf3 Be1 68. Ba3+ Kd7 69. Kf4 Bd2+ 70. Ke5 Bc3+ 71. Ke4 Bf6 72. Bc5 Bc3 73. Kf4 Bf6 74. Ke4 Bc3 75. Bd4 Bd2 76. Ke5 Bg5 77. d6 Bh4 78. Kd5 Bg3 79. Be5 Bf2 80. Bh2 Be1 81. Ke5 Bc3+ 82. Kd5 Bb4 83. Bf4 Ba3 84. Be5 Bb4 85. Bg3 Ba3 86. Bh2 Bb4 87. Be5 Ba3 88. Bg3 Bb4 89. Ke4 1/2-1/2

[Event "Sharjah Rapid"]
[Site "Sharjah"]
[Date "2023.03.26"]
[Round "3"]
[White "Mahmoud, Ramy"]
[Black "Adly, Ahmed"]
[Result "0-1"]
[WhiteElo "2120"]
[BlackElo "2596"]
[PlyCount "30"]
[EventDate "2023.03.26"]
[EventType "swiss (rapid)"]
[EventRounds "9"]
[EventCountry "UAE"]
[SourceTitle "CBM 213 Extra"]
[Source "ChessBase"]
[SourceDate "2023.05.31"]
[SourceVersion "1"]
[SourceVersionDate "2023.05.31"]
[SourceQuality "1"]

1. e4 c5 2. Nc3 Nc6 3. f4 g6 4. Nf3 Bg7 5. g3 d6 6. Bb5 Bd7 7. d3 a6 8. Bxc6 Bxc6 9. 0-0 h5 10. h4 Qd7 11. Kh2 Nh6 12. Ng5 Ng4+ 13. Kg2 b5 14. f5 gxf5 15. Rxf5 Qxf5 0-1

[Event "Riadh Rapid op"]
[Site "Riadh"]
[Date "2023.03.18"]
[Round "9"]
[White "Njili, Kamel"]
[Black "Adly, Ahmed"]
[Result "0-1"]
[WhiteElo "2412"]
[BlackElo "2596"]
[PlyCount "144"]
[EventDate "2023.03.17"]
[EventType "swiss (rapid)"]
[EventRounds "9"]
[EventCountry "SAU"]
[SourceTitle "CBM 213 Extra"]
[Source "ChessBase"]
[SourceDate "2023.05.31"]
[SourceVersion "1"]
[SourceVersionDate "2023.05.31"]
[SourceQuality "1"]

1. e4 c5 2. Nf3 d6 3. d4 cxd4 4. Nxd4 Nf6 5. Nc3 g6 6. Bc4 Bg7 7. Nde2 0-0 8. Be3 Ng4 9. Bf4 a6 10. f3 Ne5 11. Bb3 Nbc6 12. Qc1 e6 13. Bg5 Qc7 14. Bh6 Na5 15. h4 Nxb3 16. axb3 f6 17. Bxg7 Kxg7 18. h5 g5 19. Qd2 Bd7 20. Rd1 Nf7 21. f4 gxf4 22. Qxf4 Qc5 23. h6+ Kg8 24. Qxf6 Qg5 25. Qxg5+ Nxg5 26. Rxd6 Rad8 27. Rh5 Nf7 28. Rd3 Kh8 29. Kd2 Rg8 30. g3 e5 31. Ke1 Bg4 32. Rxd8 Rxd8 33. Rh4 Be6 34. Na4 Rd6 35. Nc5 Bc8 36. Nd3 Be6 37. Rh5 Bg4 38. Rh4 Rg6 39. Nc3 Be6 40. Kf2 Kg8 41. Nd5 Kf8 42. Rh5 Bg4 43. Rh1 Ke8 44. Ke3 Bc8 45. Kf2 Kd7 46. Rh5 Kd6 47. c4 Bg4 48. c5+ Ke6 49. Rh4 Bd1 50. b4 Bc2 51. N3f4+ exf4 52. Nxf4+ Kf6 53. Nxg6 Kxg6 54. Ke3 Nxh6 55. Rf4 Ba4 56. Kd4 Bc6 57. Ke5 Nf7+ 58. Ke6 Ng5+ 59. Ke5 Kg7 60. Kf5 h6 61. Rh4 Bd7+ 62. Kf4 Bc6 63. e5 Kg6 64. Rh2 h5 65. g4 Ne6+ 66. Kg3 hxg4 67. Kxg4 Bd7 68. Rd2 Bc6 69. Rd6 Kf7 70. Rd2 Ke7 71. Rh2 Nd4 72. Kf4 Bd5 0-1

[Event "Riadh Rapid op"]
[Site "Riadh"]
[Date "2023.03.17"]
[Round "1"]
[White "Alrahily, Saud"]
[Black "Adly, Ahmed"]
[Result "0-1"]
[WhiteElo "1772"]
[BlackElo "2596"]
[PlyCount "56"]
[EventDate "2023.03.17"]
[EventType "swiss (rapid)"]
[EventRounds "9"]
[EventCountry "SAU"]
[SourceTitle "CBM 213 Extra"]
[Source "ChessBase"]
[SourceDate "2023.05.31"]
[SourceVersion "1"]
[SourceVersionDate "2023.05.31"]
[SourceQuality "1"]

1. e4 c5 2. Nf3 d6 3. Nc3 a6 4. Bc4 e6 5. d4 b5 6. Be2 Nd7 7. 0-0 Bb7 8. d5 e5 9. Bg5 Be7 10. Bxe7 Nxe7 11. Qd2 0-0 12. Rfe1 h6 13. h3 b4 14. Na4 f5 15. exf5 Nxf5 16. c4 e4 17. Nh2 Qh4 18. Bg4 Rae8 19. Bxf5 Rxf5 20. Re3 Ne5 21. b3 Ref8 22. Rf1 Nf3+ 23. Nxf3 exf3 24. Rxf3 Rxf3 25. gxf3 Bc8 26. Re1 Bxh3 27. Re4 Qh5 28. Re6 Rxf3 0-1

[Event "Wch Blitz"]
[Site "Almaty"]
[Date "2022.12.30"]
[Round "19"]
[White "Adly, Ahmed"]
[Black "Fedorov, Alexei"]
[Result "1-0"]
[WhiteElo "2605"]
[BlackElo "2488"]
[PlyCount "125"]
[EventDate "2022.12.29"]
[EventType "swiss (blitz)"]
[EventRounds "21"]
[EventCountry "KAZ"]
[SourceTitle "CBM 212"]
[Source "ChessBase"]
[SourceDate "2023.02.28"]
[SourceVersion "1"]
[SourceVersionDate "2023.02.28"]
[SourceQuality "1"]

1. d4 c5 2. d5 d6 3. Nc3 Nf6 4. e4 g6 5. Bb5+ Bd7 6. a4 Bg7 7. Nf3 0-0 8. h3 Bxb5 9. axb5 Nbd7 10. 0-0 Ne8 11. Bf4 Nc7 12. Qd3 Nb6 13. Rfd1 Qd7 14. Ra5 a6 15. bxa6 Rxa6 16. Rxa6 Nxa6 17. e5 Nb4 18. Qe4 dxe5 19. Bxe5 Bxe5 20. Nxe5 Qf5 21. d6 exd6 22. Qxf5 gxf5 23. Rxd6 Nc8 24. Rd2 Re8 25. Nd7 Re1+ 26. Kh2 b6 27. Nxc5 bxc5 28. Rd8+ Kg7 29. Rxc8 Rc1 30. Rxc5 Rxc2 31. Rxf5 Rxb2 32. Ne4 Nd3 33. Kg3 Rb6 34. h4 Rg6+ 35. Kh2 Re6 36. Rg5+ Kf8 37. f3 h6 38. Rd5 Nf4 39. Rf5 Ng6 40. Kg3 Kg7 41. Ra5 Re7 42. Nd6 Rd7 43. Ne8+ Kf8 44. Nf6 Rd8 45. Ng4 Kg7 46. Rh5 Rh8 47. Ne3 Ne7 48. Kf2 Kg6 49. Re5 Ng8 50. Ra5 Ne7 51. Ra7 Nc8 52. Ra6+ Kh7 53. Nf5 h5 54. Ke3 Re8+ 55. Kf4 Re6 56. Rxe6 fxe6 57. Nd4 Ne7 58. Nxe6 Kg6 59. Ke4 Ng8 60. Nf4+ Kh6 61. Nd5 Kg6 62. Ke5 Nh6 63. Nf4+ 1-0

[Event "Wch Blitz"]
[Site "Almaty"]
[Date "2022.12.30"]
[Round "15"]
[White "Adly, Ahmed"]
[Black "Gharibyan, Mamikon"]
[Result "1-0"]
[WhiteElo "2605"]
[BlackElo "2401"]
[PlyCount "57"]
[EventDate "2022.12.29"]
[EventType "swiss (blitz)"]
[EventRounds "21"]
[EventCountry "KAZ"]
[SourceTitle "CBM 212"]
[Source "ChessBase"]
[SourceDate "2023.02.28"]
[SourceVersion "1"]
[SourceVersionDate "2023.02.28"]
[SourceQuality "1"]

1. d4 Nf6 2. Nf3 e6 3. g3 d5 4. Bg2 Be7 5. 0-0 0-0 6. c4 a5 7. Qc2 c6 8. Rd1 b6 9. Bf4 Ba6 10. Nbd2 Nbd7 11. Rac1 h6 12. e4 dxc4 13. Nxc4 Rc8 14. Nd6 Bxd6 15. Bxd6 Re8 16. h3 c5 17. dxc5 bxc5 18. Ne5 Qb6 19. Nc4 Qb4 20. b3 e5 21. Bf1 Ra8 22. Bc7 Qb7 23. Bd6 Bb5 24. a4 Bc6 25. f3 Nh5 26. Kh2 f5 27. Bxc5 Nxc5 28. Nd6 Qxb3 29. Bc4+ 1-0

[Event "Wch Blitz"]
[Site "Almaty"]
[Date "2022.12.30"]
[Round "21"]
[White "Adly, Ahmed"]
[Black "Tabatabaei, Mohammad Amin"]
[Result "1-0"]
[WhiteElo "2605"]
[BlackElo "2551"]
[PlyCount "113"]
[EventDate "2022.12.29"]
[EventType "swiss (blitz)"]
[EventRounds "21"]
[EventCountry "KAZ"]
[SourceTitle "CBM 212"]
[Source "ChessBase"]
[SourceDate "2023.02.28"]
[SourceVersion "1"]
[SourceVersionDate "2023.02.28"]
[SourceQuality "1"]

1. d4 Nf6 2. Nf3 e6 3. e3 c5 4. b3 b6 5. Bb2 Bb7 6. Nbd2 d5 7. Bd3 Nc6 8. a3 cxd4 9. exd4 g6 10. Ne5 Bg7 11. h4 0-0 12. h5 Nxe5 13. dxe5 Nd7 14. hxg6 fxg6 15. Rxh7 Qg5 16. Rxg7+ Kxg7 17. g3 Nc5 18. Bf1 d4 19. Bxd4 Rad8 20. c3 Qf5 21. Qe2 Ba6 22. Qe3 Bxf1 23. Kxf1 Qh3+ 24. Ke2 Qh5+ 25. f3 Nd7 26. Ne4 Nb8 27. Qg5 Qh2+ 28. Nf2 Nc6 29. Rh1 Qg2 30. Qh6+ Kf7 31. Rh2 Qg1 32. Qh7+ Ke8 33. Qxg6+ Kd7 34. Rh7+ Ne7 35. Ne4 Qg2+ 36. Ke1 Rxf3 37. Bf2 Rdf8 38. Qg5 R8f7 39. Rxf7 Rxf7 40. Nf6+ Kc6 41. Qh5 Rf8 42. Qh7 Rxf6 43. exf6 Nd5 44. f7 Qf3 45. Qg6 Kd7 46. Bd4 e5 47. Bxe5 Qe3+ 48. Kf1 Qf3+ 49. Kg1 Qe3+ 50. Kh2 Qf2+ 51. Kh3 Qf1+ 52. Kh4 Qh1+ 53. Kg5 Qc1+ 54. Bf4 Nxf4 55. gxf4 Qg1+ 56. Kh6 Qh2+ 57. Kg7 1-0

[Event "Wch Blitz"]
[Site "Almaty"]
[Date "2022.12.30"]
[Round "16"]
[White "Chigaev, Maksim"]
[Black "Adly, Ahmed"]
[Result "1-0"]
[WhiteElo "2542"]
[BlackElo "2605"]
[PlyCount "163"]
[EventDate "2022.12.29"]
[EventType "swiss (blitz)"]
[EventRounds "21"]
[EventCountry "KAZ"]
[SourceTitle "CBM 212"]
[Source "ChessBase"]
[SourceDate "2023.02.28"]
[SourceVersion "1"]
[SourceVersionDate "2023.02.28"]
[SourceQuality "1"]

1. e4 c5 2. Nf3 Nf6 3. Nc3 d5 4. exd5 Nxd5 5. Bb5+ Bd7 6. Ne5 Bxb5 7. Qf3 f6 8. Nxb5 fxe5 9. Qxd5 Qxd5 10. Nc7+ Kd7 11. Nxd5 Nc6 12. d3 g6 13. Nc3 Nd4 14. Kd1 Bg7 15. Ne4 b6 16. c3 Nf5 17. Ke2 Nd6 18. Rd1 Rac8 19. f3 Bf6 20. a4 a6 21. Be3 Nb7 22. Kd2 Bg7 23. Kc2 h5 24. Rd2 Bh6 25. Bxh6 Rxh6 26. Re1 Rf8 27. Rde2 Nd6 28. a5 Kc6 29. axb6 Kxb6 30. Ng5 h4 31. Rxe5 Rh5 32. Nh3 Rxe5 33. Rxe5 Nf5 34. Ng5 Rf6 35. Ne4 Rc6 36. g4 hxg3 37. hxg3 e6 38. g4 Ne3+ 39. Kd2 Nd5 40. Ng5 Nc7 41. Ne4 Nd5 42. Rg5 Ne7 43. Ke3 Nd5+ 44. Kd2 Ne7 45. Kc2 Kb5 46. Nd2 Rc8 47. Re5 Rc6 48. Nc4 a5 49. b3 a4 50. Na3+ Ka5 51. b4+ Kb6 52. bxc5+ Ka5 53. d4 Nd5 54. Nc4+ Ka6 55. Na3 Nf4 56. c4 Rc8 57. Re4 g5 58. Kc3 Ka5 59. Re5 Rh8 60. Rxg5 Rh3 61. c6+ Kb6 62. Kb4 Rxf3 63. Kxa4 Kxc6 64. Nc2 Nd3 65. Nb4+ Kd6 66. Nxd3 Rxd3 67. Kb5 Rxd4 68. c5+ Ke7 69. c6 Rd1 70. Rg7+ Kd8 71. g5 e5 72. g6 Kc8 73. Ra7 Rb1+ 74. Kc5 Rc1+ 75. Kd6 Rd1+ 76. Kxe5 Re1+ 77. Kf6 Rf1+ 78. Kg7 Rc1 79. Kh8 Rxc6 80. g7 Rh6+ 81. Kg8 Rh1 82. Kf8 1-0